Dove vai se il vizietto non ce l'hai? /

محفوظ في:
التفاصيل البيبلوغرافية
المؤلف الرئيسي: Pisano, Berto (الملحن)
مؤلفون آخرون: Martinelli, Franco (المدير), Montagnani, Renzo (ممثل), Senatore, Paola (ممثل), Carotenuto, Mario, (1916-1995) (ممثل), Vitali, Alvaro (ممثل), Veo, Carlo (سيناريست), Couyoumdjian, Gianfranco (سيناريست)
التنسيق: شريحة
اللغة:الإيطالية
منشور في: Milano : Medusa video, c2005
الوسوم: إضافة وسم
لا توجد وسوم, كن أول من يضع وسما على هذه التسجيلة!

MARC

LEADER 00000ngm a22000007i 4500
001 IT\ICCU\UBO\3622341
003 ItRI
005 20260124182813.0
008 090427s2005 it |||||||||||||||k|||||c
028 4 2 |a 9118 
040 |b ita 
041 7 |a ita  |2 ISO-639-2 
245 0 0 |a Dove vai se il vizietto non ce l'hai? /  |c regia di Franco Martinelli ; soggetto di Gianfranco Couyoumdjian ; sceneggiatura di Carlo Veo ; musiche di Berto Pisano. 
260 |a Milano :  |b Medusa video,  |c c2005 
300 |a 1 DVD (ca. 83 min.) sonoro, color 
500 |a Codice area: 2; sistema e formato video: PAL, 4:3 
500 |a Tit. del contenitore 
500 |a Film del 1979, prod. Italia ; interpreti: Mario Carotenuto, Stefano Amato, Lory Del Santo, Alvaro Vitali, Renzo Montagnani, Paola Senatore 
500 |a Lingue: italiano 
500 |a Contenuti extra: photogallery 
500 |a Vietato ai minori di 14 anni. 
700 1 |a Martinelli, Franco  |0 IT\ICCU\IEIV\050505  |4 drt 
700 1 |a Montagnani, Renzo  |0 IT\ICCU\RAVV\091424  |4 act 
700 1 |a Senatore, Paola  |0 IT\ICCU\RAVV\328690  |4 act 
700 1 |a Carotenuto, Mario,  |d  (1916-1995)  |0 IT\ICCU\SBNV\002889  |4 act 
700 1 |a Pisano, Berto  |0 IT\ICCU\UBOV\002900  |4 cmp 
700 1 |a Vitali, Alvaro  |0 IT\ICCU\UBOV\592092  |4 act 
700 1 |a Veo, Carlo  |0 IT\ICCU\UBOV\679445  |4 sce 
700 1 |a Couyoumdjian, Gianfranco  |0 IT\ICCU\URBV\394993  |4 sce 
790 1 |a Martinelli, Franco  |c  (giornalista)  |3 IT\ICCU\CFIV\172494  |z Martinelli, Franco 
942 |2 ddc  |c VM  |n 0 
952 |0 0  |1 0  |4 0  |6 VO_1253_000000000000000  |7 0  |9 26557  |a BO  |b BO  |d 2026-01-24  |i 9566  |l 0  |o VO 1253  |p BO9566  |r 2026-01-24 18:28:13  |w 2026-01-24  |x [Sebina 5] [1 dvd]  |y VM  |z 1 dvd 
999 |c 22459  |d 22459